000 00754nam a22002057a 4500
003 NUST-PNEC
005 20170116180706.0
008 140925b xxu||||| |||| 00| 0 eng d
020 _a007136076X
040 _cPNEC
082 _a620.11 BRA
100 _9363
_aBrady, George S.
245 _aMaterials Handbook
_bAn Encyclopedia for Managers Purchasing and Production Managers, Technicians, and Supervisors
_cGeorge S. Brady
250 _a15 ed.
260 _aNew York
_bMcGraw-Hill Companies
_cc2002.
300 _avii, 1244 p. :
_bill. :
_c24 cm.
500 _aIncludes Index http://www.amazon.com/Materials-Handbook-George-S-Brady/dp/007136076X/ref=sr_1_1?s=books&ie=UTF8&qid=1411632528&sr=1-1&keywords=007136076X
650 _xME
942 _2ddc
_cBK
999 _c60745
_d60745